|
|
|
|
| LEADER |
02061nam a2200541 a 4500 |
| 001 |
nkc20132534884 |
| 003 |
CZ PrNK |
| 005 |
20140203102201.0 |
| 007 |
ta |
| 008 |
131218s2013 xr abcee 001 0 cze |
| 015 |
|
|
|a cnb002534884
|
| 020 |
|
|
|a 978-80-905216-1-2
|q (váz.) :
|c neprodejné
|
| 035 |
|
|
|a (OCoLC)870288699
|
| 040 |
|
|
|a ABA001
|b cze
|
| 043 |
|
|
|a e-xr---
|b e-xr-pa
|2 czenas
|
| 072 |
|
7 |
|a 62
|x Technika všeobecně
|2 Konspekt
|9 19
|
| 080 |
|
|
|a 621.223:664.71.05
|2 MRF
|
| 080 |
|
|
|a 62-821
|2 MRF
|
| 080 |
|
|
|a 338.45(091)
|2 MRF
|
| 080 |
|
|
|a (437.314)
|2 MRF
|
| 080 |
|
|
|a (048.8)
|2 MRF
|
| 100 |
1 |
|
|a Štěpán, Luděk,
|d 1932-2017
|7 jn20001005140
|4 aut
|
| 245 |
1 |
0 |
|a Chrudimsko :
|b mlýny a další zařízení na vodní pohon /
|c [Luděk Štěpán a Ivo Šulc]
|
| 246 |
3 |
0 |
|a Mlýny a další zařízení na vodní pohon
|
| 246 |
1 |
8 |
|a Chrudimsko - mlýny a další zařízení na vodní pohon
|
| 250 |
|
|
|a Vyd. 1.
|
| 260 |
|
|
|a Chrudim :
|b Státní okresní archiv Chrudim,
|c 2013
|
| 300 |
|
|
|a 152 s. :
|b il. (některé barev.), mapy, portréty, plány, faksim. ;
|c 31 cm
|
| 490 |
1 |
|
|a Archa ;
|v 12
|
| 500 |
|
|
|a 700 výt.
|
| 504 |
|
|
|a Obsahuje bibliografii, bibliografické odkazy a rejstřík
|
| 650 |
0 |
7 |
|a vodní mlýny
|7 ph120513
|z Česko
|2 czenas
|
| 650 |
0 |
7 |
|a zařízení na vodní pohon
|7 ph802031
|z Česko
|2 czenas
|
| 650 |
0 |
7 |
|a dějiny průmyslu
|7 ph488969
|z Česko
|2 czenas
|
| 650 |
0 |
9 |
|a water mills
|z Czechia
|2 eczenas
|
| 650 |
0 |
9 |
|a water wheel driven machinery
|z Czechia
|2 eczenas
|
| 650 |
0 |
9 |
|a history of industry
|z Czechia
|2 eczenas
|
| 651 |
|
7 |
|a Chrudim (Česko : oblast)
|7 ge128953
|2 czenas
|
| 651 |
|
9 |
|a Chrudim Region (Czechia)
|2 eczenas
|
| 655 |
|
7 |
|a přehledy
|7 fd133202
|2 czenas
|
| 655 |
|
9 |
|a surveys
|2 eczenas
|
| 700 |
1 |
|
|a Šulc, Ivo,
|d 1971-
|7 xx0012916
|4 aut
|
| 830 |
|
0 |
|a Archa (Státní okresní archiv Chrudim)
|0 s
|
| 910 |
2 |
|
|a BOA001
|b 4-1317.187
|
| 990 |
|
|
|a BK
|
| 995 |
|
|
|a 01
|
| 991 |
|
|
|b 201401
|c NOV
|e n
|
| 996 |
6 |
|
|b 2610574276
|c 4-1317.187
|l MZK
|r Sklad / do 1 hodiny
|n 5
|p p.v.
|w 001389839
|u 000010
|a 1
|e BOA001
|j MZK50
|s P
|